PÉČE O ZEMĚDĚLSKÉ ÚTULKY V KARLOVARSKÉM KRAJI

Bibliographic Details
Main Author: Karnoldová, Anna (Author)
Format: Article
Language:Czech

MARC

LEADER 00000nab a2200000uu 4500
001 vtls011141789
003 SK-MaSNL
005 20260303111056.0
008 230121|1958 xo |||||||||||||||||cze|
015 |a SNBRB 
035 |a (urnnbn)urn:nbn:sk:snk:ar-008ct2 
035 |a (uuid)4cc15906-f798-46bf-a507-705c285f7c6f 
035 |a urn:nbn:sk:snk-abatf2 
040 |a SNKBUCL  |b slo  |c SNKBUCL  |e AACR2 
041 0 |a cze 
044 |a xo  |c SK 
100 1 |a Karnoldová, Anna  |4 aut  |9 1123357 
245 1 0 |a PÉČE O ZEMĚDĚLSKÉ ÚTULKY V KARLOVARSKÉM KRAJI  |c Anna Karnoldová 
773 0 |t Předškolní výchova  |g Roč. 12, č. 4 (1958), s. 159-160 
954 |a odborná, vedecká literatúra cudzojazyčná (svetová)  |2 lita 
958 |a OND 
958 |a EUIPO 
958 |a article14 
999 |c 1874680  |d 1876610